000 00756cam a22002413a 4500
001 24199
003 PGUSA
005 20140828083522.0
008 080109s2008||||xxu|||||s|||||000 p eng d
040 _aPGUSA
_beng
042 _adc
050 4 _aPR
100 1 _aWelsted, Mr.
_q(Leonard),
_d1688-1747
245 1 0 _aTwo Poems Against Pope :
_bOne Epistle to Mr. A. Pope and the Blatant Beast
_h[electronic resource] /
_cMr. Welsted
260 _bProject Gutenberg,
_c2008
506 _aPublic domain in the USA.
516 _aElectronic text
653 _aPope, Alexander, 1688-1744 -- Poetry
700 1 _aGuerinot, J. V.
_q(Joseph V.),
_d1928-
830 0 _aProject Gutenberg
_v24199
856 4 0 _uhttp://www.gutenberg.org/ebooks/24199
942 _cEB
999 _c253454
_d253454